000 00325nam a22001097a 4500
008 230621b xxu||||| |||| 00| 0 eng d
082 _a328.3
_bIPU 1993
245 _aResults 1993 September Session of the Inter-Parliamentary Union
260 _aAustralia
_bInter-Parliamentary Union
_c1993
300 _aIV,91p
942 _2ddc
_cBK
999 _c2163
_d2163